Odporúčania pre aplikáciu klopidogrelu v kardiológii

Bibliographic Details
Format: Article
Language:Slovak
PhysicalDescription:Obr.
ISSN:1335-4477
Subjects:

MARC

LEADER 00000nab a2200000 a 4500
001 vtls008955717
003 SK-MaSNL
005 20260303070351.0
008 140303c2007 xo wrzp 0 0slo
015 |a SNBRB2007/03  |2 snkbucl 
040 |a SNKBUCL  |b slo  |c SNKBUCL  |e AACR2 
041 0 |a slo 
044 |a xo  |c SK 
080 |a 615.22.03  |2 1997 
245 0 0 |a Odporúčania pre aplikáciu klopidogrelu v kardiológii  |c [autor] (ou) 
300 |a Obr. 
650 0 7 |a klopidogrel  |x farmakológia klinická  |2 snkbucl  |9 1067700 
650 0 7 |a antitrombotiká  |2 snkbucl  |9 14975 
773 0 |t Zdravotnícke noviny  |g Roč. XII, č. 9 (2007)  |x 1335-4477 
773 0 |t Lekárske listy  |g Č. 9 (2007), s. 22-23 
852 |a SNK  |b KIS3GCP 
958 |a MI 
958 |a SK 
999 |c 1755044  |d 1756974